[Event "Ch France 2018"]
[Site "?"]
[Date "2018.08.26"]
[Round "18.1"]
[White "Gharamian, Tigran"]
[Black "Edouard, Romain"]
[Result "1-0"]
[BlackElo "2638"]
[WhiteElo "2614"]
[LiveChessVersion "1.4.8"]

1. e4 c5 2. Nf3 {[%clk 0:05:56]} Nc6 {[%clk 0:04:59]} 3. Bb5 e6 4. O-O
{[%clk 0:05:52]} Nge7 {[%clk 0:04:58]} 5. d4 {[%clk 0:05:49]} cxd4
{[%clk 0:04:57]} 6. Nxd4 {[%clk 0:05:48]} Qc7 {[%clk 0:04:56]} 7. Be2
{[%clk 0:05:32]} d5 {[%clk 0:04:36]} 8. exd5 {[%clk 0:05:19]} Nxd5
{[%clk 0:04:34]} 9. Nxc6 {[%clk 0:05:16]} bxc6 {[%clk 0:04:32]} 10. c4
{[%clk 0:05:10]} Nf6 {[%clk 0:04:31]} 11. Nc3 {[%clk 0:04:57]} Bd6
{[%clk 0:04:29]} 12. h3 {[%clk 0:04:54]} O-O {[%clk 0:04:26]} 13. Bf3
{[%clk 0:04:51]} Rb8 {[%clk 0:04:17]} 14. Qc2 {[%clk 0:04:49]} a6
{[%clk 0:03:55]} 15. b3 {[%clk 0:04:28]} c5 {[%clk 0:03:54]} 16. Be3
{[%clk 0:04:27]} Bd7 {[%clk 0:03:27]} 17. Rad1 {[%clk 0:04:26]} Bf4
{[%clk 0:03:19]} 18. Bxf4 {[%clk 0:04:17]} Qxf4 {[%clk 0:03:18]} 19. Ne4
{[%clk 0:04:16]} Qc7 {[%clk 0:02:59]} 20. Nxf6+ {[%clk 0:04:10]} gxf6
{[%clk 0:02:58]} 21. Qd2 {[%clk 0:04:06]} Rfd8 {[%clk 0:02:49]} 22. Qh6
{[%clk 0:04:04]} Qe5 {[%clk 0:02:44]} 23. Rfe1 {[%clk 0:04:01]} Qg5
{[%clk 0:02:28]} 24. Qxg5+ {[%clk 0:04:00]} fxg5 {[%clk 0:02:27]} 25. Re5
{[%clk 0:03:59]} Rbc8 {[%clk 0:02:27]} 26. Rxg5+ {[%clk 0:03:58]} Kf8
{[%clk 0:02:26]} 27. Re5 {[%clk 0:03:54]} Ke7 {[%clk 0:02:21]} 28. Re2
{[%clk 0:03:51]} Be8 {[%clk 0:02:15]} 29. Red2 {[%clk 0:03:49]} Rxd2 30. Rxd2 Rc7
{[%clk 0:02:12]} 31. g4 {[%clk 0:03:37]} a5 {[%clk 0:02:09]} 32. Kg2
{[%clk 0:03:28]} a4 {[%clk 0:02:02]} 33. g5 {[%clk 0:03:19]} f6 {[%clk 0:01:57]}
34. gxf6+ {[%clk 0:03:16]} Kxf6 {[%clk 0:01:57]} 35. Rd6 {[%clk 0:03:02]} axb3
{[%clk 0:01:38]} 36. axb3 {[%clk 0:03:01]} Ke5 {[%clk 0:01:38]} 37. Rd3
{[%clk 0:02:54]} Bg6 {[%clk 0:01:37]} 38. Re3+ {[%clk 0:02:54]} Kf6
{[%clk 0:01:36]} 39. Be4 {[%clk 0:02:46]} Bf5 {[%clk 0:01:31]} 40. Bxf5
{[%clk 0:02:44]} Kxf5 {[%clk 0:01:25]} 41. Kf3 {[%clk 0:02:37]} e5
{[%clk 0:01:24]} 42. Ke2 {[%clk 0:02:30]} Ra7 {[%clk 0:01:15]} 43. Kd3
{[%clk 0:02:00]} Ra3 {[%clk 0:01:14]} 44. Rf3+ {[%clk 0:01:58]} Ke6
{[%clk 0:01:12]} 45. Kc3 {[%clk 0:01:54]} Ra2 {[%clk 0:01:07]} 46. Rf8
{[%clk 0:01:48]} e4 {[%clk 0:01:01]} 47. h4 {[%clk 0:01:30]} Re2 {[%clk 0:00:42]}
48. h5 {[%clk 0:01:23]} e3 {[%clk 0:00:37]} 49. Re8+ {[%clk 0:01:21]} Kd7
{[%clk 0:00:35]} 50. Rxe3 {[%clk 0:01:16]} Rxf2 {[%clk 0:00:34]} 51. Re5
{[%clk 0:01:14]} Kd6 {[%clk 0:00:32]} 52. Rd5+ {[%clk 0:01:11]} Kc6 53. Re5
{[%clk 0:01:04]} Rh2 {[%clk 0:00:29]} 54. Re6+ {[%clk 0:01:04]} Kc7
{[%clk 0:00:22]} 55. Rh6 {[%clk 0:01:02]} Kb6 {[%clk 0:00:22]} 56. Rxh7 Ka5 57.
h6 {[%clk 0:00:41]} Rh3+ {[%clk 0:00:20]} 58. Kb2 {[%clk 0:00:39]} Ka6
{[%clk 0:00:18]} 1-0